Microeconomics and behaviour / (Record no. 9727)
[ view plain ]
| 000 -LEADER | |
|---|---|
| fixed length control field | 01226nam a22001817a 4500 |
| 005 - DATE AND TIME OF LATEST TRANSACTION | |
| control field | 20230616153149.0 |
| 008 - FIXED-LENGTH DATA ELEMENTS--GENERAL INFORMATION | |
| fixed length control field | 230616b ||||| |||| 00| 0 eng d |
| 020 ## - INTERNATIONAL STANDARD BOOK NUMBER | |
| International Standard Book Number | 9780070166745 |
| 050 ## - LIBRARY OF CONGRESS CALL NUMBER | |
| Classification number | HB171.5.F72(8e) |
| 100 ## - MAIN ENTRY--PERSONAL NAME | |
| 9 (RLIN) | Frank, Robert A. |
| 245 ## - TITLE STATEMENT | |
| Title | Microeconomics and behaviour / |
| Statement of responsibility, etc. | Robert H. Frank. - |
| 250 ## - EDITION STATEMENT | |
| Edition statement | 8th ed. |
| 260 ## - PUBLICATION, DISTRIBUTION, ETC. | |
| Place of publication, distribution, etc. | New York: |
| Name of publisher, distributor, etc. | McGraw-Hill / Irwin, |
| Date of publication, distribution, etc. | 2010 |
| 300 ## - PHYSICAL DESCRIPTION | |
| Extent | xxviii, 607 p.: |
| Other physical details | ill.; |
| Dimensions | 28 cm. |
| 500 ## - GENERAL NOTE | |
| General note | Includes index |
| 505 ## - FORMATTED CONTENTS NOTE | |
| Formatted contents note | Contents: Part One: Introduction: thinking like an economist -- Supply and demand -- Part Two: The theory of consumer behavior: Rational consumer choice -- Individual and market demand -- Applications of rational choice -- Applications of rational choice and demand theories -- The economics of information and choice under uncertainty -- Explaining tastes: the importance of altruism and other nonegoistic behavior -- Cognitive limitations and consumer behavior -- Part Three: Production -- Cost -- Perfect competition -- Monopoly -- Imperfect competition: a game-theoretic approach -- Part Four: Labor -- Capital -- Part Five: Externalities, property rights, and the coase theorem -- Government. |
| 942 ## - ADDED ENTRY ELEMENTS (KOHA) | |
| Source of classification or shelving scheme | Library of Congress Classification |
| Koha item type | Books |
| Edition | 8th ed. |
| Classification part | HB171.5.F72(8e) |
| Withdrawn status | Lost status | Source of classification or shelving scheme | Damaged status | Not for loan | Home library | Current library | Shelving location | Date acquired | Full call number | Barcode | Date last seen | Copy number | Price effective from | Koha item type |
|---|---|---|---|---|---|---|---|---|---|---|---|---|---|---|
| Library of Congress Classification | WISCONSIN INTERNATIONAL UNIVERSITY COLLEGE, GHANA - MAIN LIBRARY | WISCONSIN INTERNATIONAL UNIVERSITY COLLEGE, GHANA - MAIN LIBRARY | General Stacks | 16/06/2023 | HB171.5.F72(8e) | 9489/190/23 | 16/06/2023 | 1 | 16/06/2023 | Books | ||||
| Library of Congress Classification | WISCONSIN INTERNATIONAL UNIVERSITY COLLEGE, GHANA - MAIN LIBRARY | WISCONSIN INTERNATIONAL UNIVERSITY COLLEGE, GHANA - MAIN LIBRARY | General Stacks | 16/06/2023 | HB171.5.F721(8e) | 9490/191/23 | 16/06/2023 | 2 | 16/06/2023 | Books | ||||
| Library of Congress Classification | WISCONSIN INTERNATIONAL UNIVERSITY COLLEGE, GHANA - MAIN LIBRARY | WISCONSIN INTERNATIONAL UNIVERSITY COLLEGE, GHANA - MAIN LIBRARY | General Stacks | 16/06/2023 | HB171.5.F722(8e) | 9491/192/23 | 16/06/2023 | 3 | 16/06/2023 | Books |
